LEADER 02199nam 2200433Ia 450 001 996392805303316 005 20200824132708.0 035 $a(CKB)1000000000686312 035 $a(EEBO)2248539693 035 $a(OCoLC)ocm12854915e 035 $a(OCoLC)12854915 035 $a(EXLCZ)991000000000686312 100 $a19851127d1693 uy | 101 0 $alat 135 $aurbn||||a|bb| 200 10$aOfficium hominis$b[electronic resource] $ecum stylo, tum methodo luculentissima? expositum : opus cujusvis, at præcipue? indoctissimi lectoris, captui accomodatum, familiisque instituendis perquam necessarium : quod cum in XVII capita dividatur, eorum uno quolibet die dominico lecto, ter quotannis perlegatur : accesserunt nonnullae precum formulae, variis populi Christiani necessitatibus idoneæ : liber hic ex lingua anglicana in latinam, eo praecipue consilio traductus est, quo juvenes in ludis literariis versantes, simul & moribus instituantur, & in lingua latina proficiant 210 $aLondini$cpro Edvardo Pawlet ...$d1693 215 $a[31], 399 p. $ccoat of arms 300 $aA translation of "The whole duty of man", which is now generally ascribed to Richard Allestree. It has also been attributed to Lady Dorothy Pakington, Richard Sterne, Abp. York, John Fell, Bp. of Oxford, Humphrey Henchman, Bp. of Salisbury, and others. cf. DNB. 300 $aSpecial t.p. on p. [311]: Preces privatae variis occasionibus ordinariis & extraordinariis accommodatae. 300 $aReproduction of original in Huntington Library. 330 $aeebo-0113 606 $aChristian life$vEarly works to 1800 606 $aDevotional exercises 615 0$aChristian life 615 0$aDevotional exercises. 700 $aAllestree$b Richard$f1619-1681.$0793142 701 $aPakington$b Dorothy Coventry$cLady,$fd. 1679.$01001112 701 $aSterne$b Richard$f1596?-1683.$01001111 701 $aHenchman$b Humphrey$f1592-1675.$0793659 701 $aFell$b John$f1625-1686.$01001113 801 0$bEAA 801 1$bEAA 801 2$bm/c 801 2$bWaOLN 906 $aBOOK 912 $a996392805303316 996 $aOfficium hominis$92385422 997 $aUNISA LEADER 01713nam 2200517Ia 450 001 9910785750603321 005 20230208161640.0 010 $a9781849647731 (Ebook) 035 $a(CKB)2670000000242148 035 $a(StDuBDS)AH24461450 035 $a(SSID)ssj0000770776 035 $a(PQKBManifestationID)11434652 035 $a(PQKBTitleCode)TC0000770776 035 $a(PQKBWorkID)10791681 035 $a(PQKB)11259626 035 $a(MiAaPQ)EBC3386678 035 $a(Au-PeEL)EBL3386678 035 $a(CaPaEBR)ebr10603341 035 $a(OCoLC)813285756 035 $a(EXLCZ)992670000000242148 100 $a20120813d2012 uy 0 101 0 $aeng 135 $aur||||||||||| 181 $ctxt 182 $cc 183 $acr 200 10$aHow to look good in a war$b[electronic resource] $ejustifying and challenging state violence /$fBrian Rappert 210 $aLondon $cPluto Press$d2012 215 $a1 online resource (viii, 167 p.) 300 $aBibliographic Level Mode of Issuance: Monograph 311 $a0-7453-3180-7 320 $aIncludes bibliographical references and index. 330 $aDetailing the 'upside-down' world of war, 'How To Look Good in a War' examines the methods used to depict, defend and justify the use of state violence. 606 $aWar$xPress coverage 606 $aWar$xMoral and ethical aspects 615 0$aWar$xPress coverage. 615 0$aWar$xMoral and ethical aspects. 676 $a070.44935500941 700 $aRappert$b Brian$0801624 801 0$bMiAaPQ 801 1$bMiAaPQ 801 2$bMiAaPQ 906 $aBOOK 912 $a9910785750603321 996 $aHow to look good in a war$93852167 997 $aUNINA